| 000 | 02086nam a2200349 a 4500 | ||
|---|---|---|---|
| 001 | ebr10675137 | ||
| 003 | CaPaEBR | ||
| 006 | m u | ||
| 007 | cr cn||||||||| | ||
| 008 | 081017s2009 nyua sb 001 0 eng d | ||
| 010 | _z 2008044309 | ||
| 020 | _z9781606922149 (hardcover) | ||
| 020 | _z1606922149 (hardcover) | ||
| 020 | _z9781616685775 (e-book) | ||
| 040 |
_aCaPaEBR _cCaPaEBR |
||
| 035 | _a(OCoLC)608692423 | ||
| 050 | 1 | 4 |
_aQP363.5 _b.T393 2009eb |
| 082 | 0 | 4 |
_a612.6/4018 _222 |
| 100 | 1 | _aTaupin, Philippe. | |
| 245 | 1 | 0 |
_aStem cells _h[electronic resource] / _cPhilippe Taupin. |
| 260 |
_aNew York : _bNova Science Publishers, _cc2009. |
||
| 300 |
_a226 p. : _bill. (some col.) |
||
| 500 | _a"Nova Biomedical"--Cover. | ||
| 504 | _aIncludes bibliographical references and index. | ||
| 505 | 0 | _aNeural progenitor and stem cells in the adult central nervous system -- Neurogenesis in the adult central nervous system -- BrdU immunohistochemistry for studying adult neurogenesis : paradigms, pitfalls, limitations, and validation -- Derivation of embryonic stem cells for cellular therapy : challenges and new strategies -- OTI-010 osiris therapeutics/JCR pharmaceuticals -- Adult neural stem cells, neurogenic niches, and cellular therapy -- The therapeutic potential of adult neural stem cells -- Stem cells engineering for cell-based therapy -- Adult neurogenesis pharmacology in neurological diseases and disorders -- Adult neurogenesis, neuroinflammation and therapeutic potential of adult neural stem cells -- Adult neurogenesis and neuroplasticity -- HuCNS-SC stemcells -- Conclusion and perspectives. | |
| 533 |
_aElectronic reproduction. _bPalo Alto, Calif. : _cebrary, _d2013. _nAvailable via World Wide Web. _nAccess may be limited to ebrary affiliated libraries. |
||
| 650 | 0 | _aNeural stem cells. | |
| 650 | 0 | _aDevelopmental neurobiology. | |
| 655 | 7 |
_aElectronic books. _2local |
|
| 710 | 2 | _aebrary, Inc. | |
| 856 | 4 | 0 |
_uhttp://site.ebrary.com/lib/rucke/Doc?id=10675137 _zAn electronic book accessible through the World Wide Web; click to view |
| 999 |
_c57440 _d57440 |
||